Mastering Machine Learning with R (Record no. 348023)

MARC details
000 -LEADER
fixed length control field 00549nam a2200181Ia 4500
008 - FIXED-LENGTH DATA ELEMENTS--GENERAL INFORMATION
fixed length control field 230718s9999 xx 000 0 und d
020 ## - INTERNATIONAL STANDARD BOOK NUMBER
International Standard Book Number 9781787287471
041 ## - LANGUAGE CODE
Language code of text/sound track or separate title eng
082 ## - DEWEY DECIMAL CLASSIFICATION NUMBER
Classification number 006.31
Item number LES
100 ## - MAIN ENTRY--PERSONAL NAME
Personal name Lesmeister C.
9 (RLIN) 200956
245 ## - TITLE STATEMENT
Title Mastering Machine Learning with R
Remainder of title Advanced Prediction, Algorithms, And Learning Methods With R 3. x
250 ## - EDITION STATEMENT
Edition statement 2nd ed.
260 ## - PUBLICATION, DISTRIBUTION, ETC. (IMPRINT)
Date of publication, distribution, etc. 2017
Name of publisher, distributor, etc. Packt
300 ## - PHYSICAL DESCRIPTION
Extent 403
365 ## - TRADE PRICE
Currency code Rs.
Price amount 1199.00
700 ## - ADDED ENTRY--PERSONAL NAME
Personal name Lesmeister C.
9 (RLIN) 200956
906 ## - LOCAL DATA ELEMENT F, LDF (RLIN)
d O:0601704-Aug-2018B:IN24118-Jul-2018
c COMP
b 239.8
Holdings
Withdrawn status Lost status Damaged status Not for loan Home library Current library Date acquired Vendor Budget Code Cost, normal purchase price Bill number Total Checkouts Full call number Barcode Date last seen Discount Cost, replacement price Bill Date Koha item type Original Barcode
        Cummins College of Engineering for Women Pune Cummins College of Engineering for Women Pune 04/08/2018 Pradeep Book Distributors COMP 959.20 IN241   006.31 CCEP-BK-59230 18/07/2023 239.8 1199.00 18/07/2018 Books 059230